Taylor Swift - Devine la chanson sans indices #61 - Statistiques

Statistiques générales
  • Ce quiz a été pris 241 fois
  • Le résultat moyen est 226 sur 398
Statistiques - réponses
Réponse % Correct
I
100%
a
99%
You
98%
you
98%
"You
98%
the
93%
love
92%
And
89%
and
89%
we
89%
be
88%
your
87%
Your
87%
do
86%
when
84%
When
84%
it
83%
to
83%
To
83%
in
81%
In
81%
is
81%
on
81%
who
80%
Who
80%
Was
79%
was
79%
you're
79%
You're
79%
of
77%
go
75%
they
74%
what
74%
so
73%
then
73%
this
73%
This
73%
Don't
72%
for
72%
It's
72%
say
72%
know
71%
can
70%
like
68%
she
64%
at
62%
At
62%
But
61%
all
60%
had
59%
hi
57%
'Cause
56%
didn't
55%
could
54%
tell
54%
some
52%
time
52%
you'll
52%
gonna
51%
one
51%
look
50%
mine
50%
think
50%
as
49%
first
49%
I've
49%
just
49%
them
49%
boy
48%
fifteen
48%
got
48%
out
48%
up
46%
friends
45%
head
45%
now
45%
Will
45%
day
44%
him
43%
La
43%
la
43%
best
42%
girl
42%
here
42%
he's
42%
things
42%
night
41%
life
40%
believe
39%
his
39%
tells
39%
Well,
39%
We'll
39%
somebody
38%
than
38%
back
36%
Back
36%
car
36%
they're
34%
wanted
34%
red
33%
very
33%
before"
32%
before
32%
everything
32%
football
32%
take
32%
Take
32%
team
32%
mind
31%
way
31%
there's
30%
next
28%
soon
28%
dating
27%
Greater
27%
kiss
27%
year
27%
Abigail
26%
heal
26%
those
26%
around,
25%
around
25%
haven't
25%
seen
25%
walk
25%
breath
24%
girls
24%
thinking
24%
class
23%
named
23%
sit
23%
stay
23%
Try
23%
deep
22%
dreams
22%
supposed
22%
through
22%
years
22%
both
21%
cried
21%
fall
21%
makes
21%
nothing
21%
boys
20%
cool
20%
date
20%
ends
20%
enough
20%
four
20%
gave
20%
changed
19%
Feeling
19%
feeling
19%
room
19%
Wish
19%
doors
18%
marry
18%
morning
17%
spin
17%
forget
16%
freshman
16%
town
16%
bigger
15%
realized
15%
yourself
15%
ain't
14%
anything
14%
most
14%
other
14%
someday
14%
dancing
13%
ten
13%
waiting
13%
flying
12%
count
11%
figure
11%
find
11%
found
11%
'round
11%
everybody's
10%
Laughing
10%
senior
10%
awhile
9%
Hoping
9%
swore
9%
might
8%
wink
8%
mama's
7%
Aucun quiz correspondant
Distribution des résultats
% des personnes avec chaque résultat
Percentile par nombre de réponses
Votre historique - résultats
Vous n’avez pas pris ce quiz